Library of the University of Algiers 3
Ibrahim Sultan Cheibout
شعار جامعة الجزائر 3
مكتبة جامعة الجزائر 3
إبراهيم سلطان شيبوط

إدارة الازمات في المنشآت التجارية / (رقم التسجيلة. 45972)

تفاصيل مارك
000 -LEADER
fixed length control field 01544nam a2200205Ia 4500
003 - CONTROL NUMBER IDENTIFIER
control field Ost
005 - DATE AND TIME OF LATEST TRANSACTION
control field 20260507075725.0
008 - FIXED-LENGTH DATA ELEMENTS--GENERAL INFORMATION
fixed length control field 260507s9999||||xx |||||||||||||| ||und||
040 ## - CATALOGING SOURCE
Transcribing agency fsecg
041 ## - LANGUAGE CODE
Language code of text/sound track or separate title ara
082 ## - DEWEY DECIMAL CLASSIFICATION NUMBER
Classification number 658.405
100 ## - MAIN ENTRY--PERSONAL NAME
Personal name عباس، صلاح
Relator term مؤلف
245 #0 - TITLE STATEMENT
Title إدارة الازمات في المنشآت التجارية /
Statement of responsibility, etc. صلاح عباس
260 ## - PUBLICATION, DISTRIBUTION, ETC.
Place of publication, distribution, etc. الاسكندرية:
Name of publisher, distributor, etc. مؤسسة شباب الجامعة,
Date of publication, distribution, etc. 2004
300 ## - PHYSICAL DESCRIPTION
Extent 190 صفحة؛
Dimensions 24 سم
504 ## - BIBLIOGRAPHY, ETC. NOTE
Bibliography, etc. note ملحق ص. 132 بيبليوغرافيا ص. 130
520 ## - SUMMARY, ETC.
Summary, etc. عالج هذا البحث مفهوم الازمات و كون قد يكون للانسان تدخل فيها و قد تكون لها أسباب يمكن توقيها منذ البداية و يمكن الاقلال و الحد من خطورتهاعند حدوثها بالفعل .و عقب وقوع الازمة ما الذي يجب عمله لإعادة لامر الى ماكان عليه قبلها مع ضرورة التعلم مما حدث و اكتساب خبرة ما لمنع أو على الاقل تأخير وقوعها و الحد من مخاطرها غن وقعت.وجاء في الكتاب تصنيف الازمات ؛ معوقات عمل ادرة الازمات ؛ اجراءات الوقاية من الأزمة ؛ ؛ فرق ادرارة الأزمة مراحل عمل فريق الأزمة أزمة بنك الاعتماد والتجارة مصر .
653 ## - INDEX TERM--UNCONTROLLED
Uncontrolled term ادارة الأزمات - المنشآت التجارية
942 ## - ADDED ENTRY ELEMENTS (KOHA)
Koha item type كتب
المقتنيات
Withdrawn status Lost status Source of classification or shelving scheme Damaged status Not for loan Home library Current library Date acquired Serial enumeration / chronology Inventory number Total checkouts Full call number Barcode Date last seen Price effective from Koha item type
    Library of Congress Classification   NOT LOAN / إعارة داخلية مكتبة كلية العلوم الإقتصادية والعلوم التجارية وعلوم التسيير مكتبة كلية العلوم الإقتصادية والعلوم التجارية وعلوم التسيير 07/05/2026 الطابق الأرضي 1110/1   أ/1110ن1 1110/1 07/05/2026 07/05/2026 كتب
    Dewey Decimal Classification   Available مكتبة كلية العلوم الإقتصادية والعلوم التجارية وعلوم التسيير مكتبة كلية العلوم الإقتصادية والعلوم التجارية وعلوم التسيير 07/05/2026 الطابق الأرضي 1110/2   أ/1110ن2 1110/2 07/05/2026 07/05/2026 كتب
    Dewey Decimal Classification   Available مكتبة كلية العلوم الإقتصادية والعلوم التجارية وعلوم التسيير مكتبة كلية العلوم الإقتصادية والعلوم التجارية وعلوم التسيير 07/05/2026 الطابق الأرضي 1110/3   أ/1110ن3 1110/3 07/05/2026 07/05/2026 كتب
    Dewey Decimal Classification   Available مكتبة كلية العلوم الإقتصادية والعلوم التجارية وعلوم التسيير مكتبة كلية العلوم الإقتصادية والعلوم التجارية وعلوم التسيير 07/05/2026 الطابق الأرضي 1110/4   أ/1110ن4 1110/4 07/05/2026 07/05/2026 كتب
    Dewey Decimal Classification   Available مكتبة كلية العلوم الإقتصادية والعلوم التجارية وعلوم التسيير مكتبة كلية العلوم الإقتصادية والعلوم التجارية وعلوم التسيير 07/05/2026 الطابق الأرضي 1110/5   أ/1110ن5 1110/5 07/05/2026 07/05/2026 كتب
    Dewey Decimal Classification   Available مكتبة كلية العلوم الإقتصادية والعلوم التجارية وعلوم التسيير مكتبة كلية العلوم الإقتصادية والعلوم التجارية وعلوم التسيير 07/05/2026 الطابق الثاني 1110/6   أ/1110ن6 1110/6 07/05/2026 07/05/2026 كتب
    Dewey Decimal Classification   Available مكتبة كلية العلوم الإقتصادية والعلوم التجارية وعلوم التسيير مكتبة كلية العلوم الإقتصادية والعلوم التجارية وعلوم التسيير 07/05/2026 الطابق الثاني 1110/7   أ/1110ن7 1110/7 07/05/2026 07/05/2026 كتب

موارد الويب المفتوحة


© University of Algiers 3 All Rights Reserved
|
Implemented by LECHELAH Riad